California Desert Conservation Area, Saline : showing off-road vehicle management use designations /

Bibliographic Details
Corporate Author: United States. Bureau of Land Management. Bakersfield District
Format: Map
Language:English
Published: [Sacramento, Calif.?] : The Bureau, [1977]
Subjects:

MARC

Tag First Indicator Second Indicator Subfields
LEADER 00000cem a2200000Ia 4500
001 in00001553821
005 20151022062624.0
007 aj canzn
008 920417s1977 caudg a f 0 eng d
034 1 |a a  |b 126720  |d W1180000  |e W1170000  |f N0370000  |g N0363000 
035 |a (OCoLC)ocm25673826 
040 |a CLU  |c CLU  |d OCL  |d TXA  |d UtOrBLW 
043 |a n-us-ca 
049 |a TXAM 
052 |a 4363  |b I6 
090 |a G4363.I6E63 1977  |b .U55 
110 1 |a United States.  |b Bureau of Land Management.  |b Bakersfield District. 
245 1 0 |a California Desert Conservation Area, Saline :  |b showing off-road vehicle management use designations /  |c United States Department of the Interior, Bureau of Land Management, Bakersfield District. 
255 |a Scale [ca. 1:126,720]  |c (W 118⁰00ʹ--W 117⁰00ʹ/N 37⁰00ʹ--N 36⁰30ʹ). 
264 1 |a [Sacramento, Calif.?] :  |b The Bureau,  |c [1977] 
300 |a 1 map :  |b color ;  |c 60 x 86 cm., folded to 23 x 11 cm. 
336 |a cartographic image  |b cri  |2 rdacontent 
337 |a unmediated  |b n  |2 rdamedia 
338 |a sheet  |b nb  |2 rdacarrier 
500 |a Relief shown by hachures and spot heights. 
500 |a Panel title: California desert, Saline, conservation area. 
500 |a "April 1977." 
500 |a On verso: California Desert Vehicle Program (BLM's interim critical management program for vehicle use on the California desert), index map. 
500 |a Cartographic material. 
650 0 |a All terrain vehicle driving  |z California  |z Inyo County  |v Maps. 
650 0 |a Deserts  |z California  |z Inyo County  |x Recreational use  |v Maps. 
740 0 |a California desert, Saline, conservation area. 
740 0 |a California Desert Vehicle Program (BLM's interim critical management program for vehicle use of the California desert), index map. 
948 |a cataloged  |b h  |c 2000/7/19  |d c  |e jgreene  |f 10:52:03 am 
994 |a E0  |b TXA 
999 |a MARS 
999 f f |s d5535633-109f-3925-adc8-9f4666e152b1  |i 8354172c-cb92-3063-b11d-de9f30a0b35f  |t 0 
952 f f |p normal  |a Texas A&M University  |b College Station  |c Sterling C. Evans Library  |d Evans: Maps (2nd floor)  |t 0  |e G4363.I6 E63 1977 .U55  |h Library of Congress classification  |i unmediated -- sheet  |m A14826379254 
998 f f |a G4363.I6 E63 1977 .U55  |t 0  |l Evans: Maps (2nd floor)